000 00375nam a2200157Ia 4500
008 230917s9999||||xx |||||||||||||| ||und||
040 _e72438
_aMAIN
041 _aEnglish
082 _a005.1 S55S
100 _aSommerville, Ian
245 0 _aSoftware engineering
250 _a5th ed.
260 _aHarlow
_bAddison-Wesley
_c2000
300 _axvi, 742 p.
942 _cBK
999 _c105199
_d105199